The Behaviour OF Short Fatigue Cracks / (Record no. 234881)
[ view plain ]
| 000 -LEADER | |
|---|---|
| fixed length control field | nam a22 7a 4500 |
| 005 - DATE AND TIME OF LATEST TRANSACTION | |
| control field | 20170331161350.0 |
| 008 - FIXED-LENGTH DATA ELEMENTS--GENERAL INFORMATION | |
| fixed length control field | 170331b xxu||||| |||| 00| 0 eng d |
| 040 ## - CATALOGING SOURCE | |
| Transcribing agency | . |
| 082 ## - DEWEY DECIMAL CLASSIFICATION NUMBER | |
| Classification number | BB-484 |
| 100 ## - MAIN ENTRY--PERSONAL NAME | |
| Personal name | K. J Miller |
| 245 ## - TITLE STATEMENT | |
| Title | The Behaviour OF Short Fatigue Cracks / |
| Statement of responsibility, etc. | K. J Miller |
| 260 ## - PUBLICATION, DISTRIBUTION, ETC. | |
| Place of publication, distribution, etc. | Cambridge |
| Name of publisher, distributor, etc. | EGF Pub |
| Date of publication, distribution, etc. | 1986. |
| 300 ## - PHYSICAL DESCRIPTION | |
| Extent | 560 p. ; |
| Dimensions | 24 cm. |
| 942 ## - ADDED ENTRY ELEMENTS (KOHA) | |
| Source of classification or shelving scheme | |
| Koha item type | Book |
| Withdrawn status | Lost status | Source of classification or shelving scheme | Damaged status | Not for loan | Permanent Location | Current Location | Date acquired | Total Checkouts | Full call number | Barcode | Date last seen | Price effective from | Koha item type |
|---|---|---|---|---|---|---|---|---|---|---|---|---|---|
| Central Library (CL) | Central Library (CL) | 03/31/2017 | 620.11 MIL | SMME-BB484 | 04/03/2018 | 03/31/2017 | Book |
